000 00591nam a22002057a 4500
999 _c8807
_d8807
003 AR-CdUCM
008 190326b ||||| |||| 00| 0 spa d
020 _a978-612-46544-9-7
040 _aMUNICIPALIDAD PROVINCIAL DEL CUSCO
_cBIBLIOTECA MUNICIPAL DEL CUSCO
082 _a869.56 /
_bS18
100 _aSalazar Gamarra, Roberto
_924545
245 _aDédalos de luz y sombra /
260 _aLima :
_bCalcomanía,
_c2015.
300 _a133 páginas ;
_c21 cm.
505 _aPoesías.
650 _aPoesías peruanas
_91481
650 _aSiglo XX.
_98
942 _2ddc
_cLIBROS
945 _aacv